000 01433cam a22004454i 4500
003 PE-LiUPU
005 20250731172759.0
008 150617s1961 miu r 000 0 eng d
035 _a(Sirsi) a13024
040 _aPE-LiUPU
_bspa
_cPE-LiUPU
_erda
049 _aPRUA
082 0 4 _a220.5
_bW95
_221
130 _aBiblia
_pN.T.
_lInglés
_sWuest
_f1961.
245 1 4 _aThe new testament :
_ban expanded translation /
_cWuest, Kenneth S.
264 1 _aMichigan :
_bWilliam B. Eardmans publishing company,
_c1961.
300 _a624 páginas ;
_c21 centímetros
336 _atext
_2rdacontent
337 _aunmediated
_2rdamedia
338 _avolume
_2rdacarrier
505 0 _aThe new testament.
526 _aSEG42
526 _aSEG41
526 _aSEG40
526 _aSEG39
526 _aP94
526 _aP87
526 _aP86
526 _aP85
526 _aP77
526 _aP76
526 _aP35
630 _aBiblia
_pN.T.
_lInglés
_sWuest
_f1961.
910 _ajck
_bjvq
_cjck
_d20150616
942 _2ddc
_cBOOK
949 _a220.5 W95
_wDEWEY
_c1
_i05596
_lCCODEBUL1
_mBUL
_p00.00
_r0
_sY
_tBOOK
_u2015-04-22
_xTEOLOGIA
_PP35
_0COMPRA
_o.STAFF. Colección General
994 _aC0
_bPEPRU
596 _a1
999 _a220.5 W95
_wDEWEY
_c3348
_i05596
_d3348
_f2021-11-9
_g5
_lCCODEBUL1
_mBUL
_q1
_r0
_sY
_tBOOK
_u2015-4-22
_xTEOLOGIA
_PP35
_0COMPRA
_o.STAFF. Colección General
980 _81
_gALBERTO SANCHEZ Responsable de Automatización